Lístky do novostavby SND sa už predávajú divadelné predstavenia v novostavbe SND sa však naplno rozbehnú až v novej sezóne na jeseň

Podrobná bibliografia
Hlavný autor: Uličianska, Zuzana, 1962- (Autor)
Médium: Článok
Jazyk:slovenčina
PhysicalDescription:Fotogr., tab.
ISSN:1335-440X
Predmet:

MARC

LEADER 00000nab a2200000 ar4500
001 vtls008983141
003 SK-MaSNL
005 20260426092735.0
008 070424c2007 xo dr|p|||||||000 b|slo
015 |a SNBRB2007/04  |2 snkbucl 
038 |a SNKBUCL 
040 |a SNKBUCL  |b slo  |c SNKBUCL  |e AACR2 
041 |a slo 
044 |a xo  |c SK 
080 |a 792  |x (437.6)  |2 2001 
100 1 |a Uličianska, Zuzana,  |d 1962-  |4 aut  |9 103260 
245 1 0 |a Lístky do novostavby SND sa už predávajú  |b divadelné predstavenia v novostavbe SND sa však naplno rozbehnú až v novej sezóne na jeseň  |c Zuzana Uličianska 
300 |b Fotogr., tab. 
500 |a Od 15.1.2007 návrat k pôvodnému vročeniu 
610 2 7 |a Slovenské národné divadlo  |2 snkbucl  |9 32458 
651 7 |a Bratislava (Slovensko)  |2 snkbucl  |9 14568 
773 0 |t Sme  |g Roč. 15, č. 82 (10.4.2007), s. 3  |x 1335-440X 
852 |a SNK  |b KIS3GCP 
958 |a SK 
999 |c 3074913  |d 3076843